Statistiques concernant Intercommunalités de la Vienne

Cliquez ici pour prendre le quiz!

Statistiques générales

  • Ce quiz a été pris 36 fois
  • Le résultat moyen est 5 sur 7

Statistiques - réponses

Nombres de CommunesIntercommunalités% Correct
47Communauté d'agglomération Grand Châtellerault
100%
40Grand Poitiers
100%
45Communauté de communes du Pays Loudunais
79%
55Communauté de communes Vienne et Gartempe
71%
36Communauté de communes du Civraisien en Poitou
50%
27Communauté de communes du Haut-Poitou
43%
16Communauté de communes des Vallées du Clain
36%

Distribution des résultats

Percentile par nombre de réponses

% des personnes avec chaque résultat

Votre développement - résultats

Vous n’avez pas pris ce quiz